The miracles of Exodus : (Record no. 9597)

MARC details
000 -LEADER
fixed length control field 01425nam a2200241Ia 4500
001 - CONTROL NUMBER
control field 55087851
003 - CONTROL NUMBER IDENTIFIER
control field OCoLC
005 - DATE AND TIME OF LATEST TRANSACTION
control field 20241126110715.0
008 - FIXED-LENGTH DATA ELEMENTS--GENERAL INFORMATION
fixed length control field 040506s2004 nyuab b 001 0 eng d
020 ## - INTERNATIONAL STANDARD BOOK NUMBER
International Standard Book Number 0060582731
040 ## - CATALOGING SOURCE
Original cataloging agency MNG
Transcribing agency MNG
Modifying agency CIN
082 ## - DEWEY DECIMAL CLASSIFICATION NUMBER
Classification number 222.1206
Item number HUM
100 1# - MAIN ENTRY--PERSONAL NAME
Personal name Humphreys, C. J.
Fuller form of name (Colin J.)
9 (RLIN) 16670
245 14 - TITLE STATEMENT
Title The miracles of Exodus :
Remainder of title a scientist's discovery of the extraordinary natural causes of the biblical stories /
Statement of responsibility, etc. Colin J. Humphreys
250 ## - EDITION STATEMENT
Edition statement 1st HarperCollins paperback edition
260 ## - PUBLICATION, DISTRIBUTION, ETC.
Place of publication, distribution, etc. New York :
Name of publisher, distributor, etc. HarperCollins,
Date of publication, distribution, etc. 2004
300 ## - PHYSICAL DESCRIPTION
Extent vi, 362 p. :
Other physical details ill., maps ;
Dimensions 24 cm
504 ## - BIBLIOGRAPHY, ETC. NOTE
Bibliography, etc. note Includes bibliographical references (p. [341]-347) and index
505 0# - FORMATTED CONTENTS NOTE
Formatted contents note Unlocking the secrets of the Exodus -- Crossing the river Jordan -- The date of the Exodus -- Moses and Midian -- The burning bush -- The mountain of God, the mountain of fire -- Mission impossible: the Exodus strategy -- How many people were in the Exodus? -- Death on the Nile -- The journey starts: the pillar of cloud and the pillar of fire -- Where was the biblical Red Sea? -- The Red Sea revealed -- The lost site of Etham -- Trapped by Pharaoh -- Crossing the Red Sea -- Turning bitter water sweet -- From the clue of the dew to water from rock -- The spectacular site of Mount Sinai
630 00 - SUBJECT ADDED ENTRY--UNIFORM TITLE
Uniform title Bible.
Name of part/section of a work Exodus
General subdivision History of Biblical events
9 (RLIN) 16671
650 #0 - SUBJECT ADDED ENTRY--TOPICAL TERM
Topical term or geographic name entry element Exodus, The
9 (RLIN) 16672
942 ## - ADDED ENTRY ELEMENTS (KOHA)
Source of classification or shelving scheme Dewey Decimal Classification
Koha item type Books
Koha issues (borrowed), all copies 3
Holdings
Withdrawn status Lost status Source of classification or shelving scheme Damaged status Not for loan Home library Current Library Shelving location Date acquired Total checkouts Full call number Barcode Date last seen Date last checked out Copy number Price effective from Koha item type
    Dewey Decimal Classification     GRACE BIBLE COLLEGE GRACE BIBLE COLLEGE Biblical Studies 2023-03-21 4 222.1206 HUM 016128 2026-02-23 2026-02-13 c.1 2023-03-21 Books
© Grace Bible College Library 2025